000 01593nam a22002537a 4500
005 20160603091121.0
008 130821s1912 fr |||fr 1 0 fre
040 _aCo-BoUCM
_bspa
_cSandra Yazo
_dSandra Yazo
041 0 _afre
082 0 4 _a848
_220
092 _aE40N043
100 1 _aGebhart, Emile
_d1839-1908
_977545
245 0 0 _aAu son des cloches
_bContes et légendes
_cEmile Gebhart
250 _aSéptième édition [Séptima edición]
260 _aParís (Francia)
_bLibrairie Hachette
_c[fecha desconocida]
300 _a291 páginas
_c18 x 13 cm.
500 _aDetalles físicos: Encuadernación rígida (holandesa) en cartón duro forrado en papel jaspeado. Lomo de piel, con nervaduras sobre costuras y adornos en dorado. Guardas. Anteportada. Portada sencilla, impresa en una sola tinta. Texto impreso en una sola columna. Márgenes amplios. Índice. Papel con algunas manchas
505 0 _aLos Tres Reyes ; A la caída del mundo antiguo: la agonía de Cicerón ; El año 33 ; La última noche de Judas ; Alleluia! La primera iglesia de Atenas ; El Rey Dagoberto ; La fiesta de San Silvestre del año 1000 ; Por qué San Nicolás tiene dos fiestas ; Navidad franciscana ; Cómo un trovador se convirtió en monje ; El testamento de Carlomagno ; La abadía de la campana resquebrajada ; La tentación de Savonarola ; Pascua sangrienta ; Pater Noster ; El Diácono de Nicea
506 _aConsulta en sala
546 _aTexto en francés
650 7 _aLiteratura francesa
_97794
690 _aLiteratura europea
_926524
942 _cLIBRO
_e7
_2LOCAL
_hE40N043
999 _c303567
_d303567